[Event "8th World Teams"]
[Site "Ningbo CHN"]
[Date "2011.07.25"]
[Round "8"]
[White "Areshchenko, Alexander"]
[Black "Hess, Robert L"]
[Result "1-0"]
[WhiteTitle "GM"]
[BlackTitle "GM"]
[WhiteElo "2682"]
[BlackElo "2609"]
[WhiteTeam "Ukraine"]
[BlackTeam "USA"]
[WhiteFideId "14109530"]
[BlackFideId "2022036"]
[EventDate "2011.07.17"]

1. e4 e5 2. Nf3 Nc6 3. Bb5 Nf6 4. O-O Nxe4 5. d4 Nd6 6. Bxc6 dxc6 7. dxe5 Nf5 8.
Qxd8+ Kxd8 9. Nc3 h6 10. h3 Be6 11. Rd1+ Kc8 12. b3 a5 13. Bb2 Bb4 14. g4 Bxc3
15. Bxc3 Ne7 16. Nd4 c5 17. Nxe6 fxe6 18. a4 Rf8 19. Bd2 Nc6 20. Be3 b6 21. f4
Nb4 22. Rd2 Nd5 23. Rxd5 exd5 24. f5 Kb7 25. e6 Rae8 26. Re1 Kc6 27. Bf4 Re7 28.
Re5 Rb8 29. h4 b5 30. axb5+ Rxb5 31. Kg2 Rb4 32. Kf3 c4 33. bxc4 Rxc4 34. g5
hxg5 35. hxg5 Rxf4+ 36. Kxf4 Kd6 37. Re1 a4 38. Ra1 g6 39. Rxa4 gxf5 40. Kxf5
Re8 41. g6 Rf8+ 42. Kg5 Rg8 43. Ra6+ c6 44. e7 Kxe7 45. Rxc6 d4 46. Rc7+ Kd6 47.
Rf7 Rc8 48. Rf2 Ke7 49. g7 Rc3 50. Kh4 Rc8 51. Kh5 1-0

[Event "8th World Teams"]
[Site "Ningbo CHN"]
[Date "2011.07.25"]
[Round "8"]
[White "Akopian, Vladimir"]
[Black "Mamedov, Rauf"]
[Result "1-0"]
[WhiteTitle "GM"]
[BlackTitle "GM"]
[WhiteElo "2667"]
[BlackElo "2679"]
[WhiteTeam "Armenia"]
[BlackTeam "Azerbaijan"]
[WhiteFideId "13300032"]
[BlackFideId "13401653"]
[EventDate "2011.07.17"]

1. d4 d6 2. e4 Nf6 3. Nc3 g6 4. Be3 Bg7 5. h3 c6 6. Qd2 O-O 7. Nf3 b5 8. Bd3 Qc7
9. O-O Nbd7 10. Ne2 c5 11. c3 Bb7 12. Ng3 e5 13. dxe5 Nxe5 14. Nxe5 dxe5 15.
Bxb5 Nxe4 16. Nxe4 Bxe4 17. Qe2 Rfb8 18. Rad1 Qb7 19. Ba6 Qc6 20. f3 Bd5 21. b3
e4 22. fxe4 Be6 23. Bc4 Qxe4 24. Bxc5 Qxe2 25. Bxe2 Bxc3 26. Bf3 Rb5 27. Bxa8
Rxc5 28. Be4 Kg7 29. Rf2 Re5 30. Re2 Bb4 31. Rc1 Ba3 32. Rcc2 h5 33. Kf1 a5 34.
Bd3 Rg5 35. Bc4 Bd7 36. Rf2 Bf5 37. Rc3 Bb4 38. Rcf3 h4 39. Re2 Kf8 40. Kf2 Bc5+
41. Kf1 Bb4 42. Kg1 Kg7 43. Re5 Rh5 44. a3 Bxa3 45. Rxa5 Bd6 46. Bd3 Bc7 47. Rb5
Kf6 48. Bxf5 gxf5 49. Kf1 Kg6 50. b4 f6 51. Rd5 Rh8 52. Rdxf5 Be5 53. b5 Rb8 54.
Rxe5 fxe5 55. Rb3 Rb6 56. Kf2 Kf5 57. Ke3 Rg6 58. Rb2 Rb6 59. Rb1 Kf6 60. Ke4
Ke6 61. Rb2 Kf6 62. Rb1 Ke6 63. Rb4 Kf6 64. Kd5 Rb8 65. Kc6 Kf5 66. Kc7 Rg8 67.
b6 Rxg2 68. b7 Rg8 69. Rxh4 e4 70. b8=Q Rxb8 71. Kxb8 e3 72. Rg4 1-0

[Event "8th World Teams"]
[Site "Ningbo CHN"]
[Date "2011.07.25"]
[Round "8"]
[White "Erdos, Viktor"]
[Black "Ezat, Mohamed"]
[Result "1/2-1/2"]
[WhiteTitle "GM"]
[BlackTitle "IM"]
[WhiteElo "2613"]
[BlackElo "2430"]
[WhiteTeam "Hungary"]
[BlackTeam "Egypt"]
[WhiteFideId "719978"]
[BlackFideId "10600906"]
[EventDate "2011.07.17"]

1. d4 Nf6 2. c4 g6 3. Nc3 Bg7 4. e4 d6 5. f3 O-O 6. Nge2 Nc6 7. Be3 a6 8. Qd2
Rb8 9. Rc1 Nd7 10. h4 h5 11. Bg5 f6 12. Be3 e5 13. d5 Ne7 14. g4 f5 15. g5 fxe4
16. fxe4 b5 17. Ng3 bxc4 18. Bxc4 Nb6 19. Be2 c6 20. Rf1 Rxf1+ 21. Bxf1 Kh8 22.
dxc6 Nxc6 23. Nce2 Ne7 24. Qa5 Be6 25. b3 d5 26. Bxb6 Rxb6 27. exd5 Nxd5 28. Rc6
Bf8 29. Rxb6 Qxb6 30. Qxb6 Nxb6 31. Ne4 a5 32. N2c3 Bb4 33. Kf2 Kg7 34. Nb5 Bd5
35. Bd3 a4 36. Bc2 a3 37. Nec3 Bc6 38. Be4 Be8 39. Ke2 Nc8 40. Nc7 Bf7 41. N3d5
Bc5 42. Nb5 Nd6 43. Nxd6 Bxd6 44. Ne3 Bc5 1/2-1/2

[Event "8th World Teams"]
[Site "Ningbo CHN"]
[Date "2011.07.25"]
[Round "8"]
[White "Li, Chao b"]
[Black "Ganguly, Surya Shekhar"]
[Result "1/2-1/2"]
[WhiteTitle "GM"]
[BlackTitle "GM"]
[WhiteElo "2669"]
[BlackElo "2627"]
[WhiteTeam "China"]
[BlackTeam "India"]
[WhiteFideId "8604436"]
[BlackFideId "5002150"]
[EventDate "2011.07.17"]

1. d4 Nf6 2. c4 e6 3. g3 d5 4. Bg2 Be7 5. Nf3 O-O 6. O-O dxc4 7. Ne5 Nc6 8. Nxc6
bxc6 9. Na3 Bxa3 10. bxa3 Ba6 11. Qd2 Rb8 12. Qa5 Rb6 13. a4 Qd6 14. Qc3 Nd5 15.
Bxd5 Qxd5 16. Ba3 Re8 17. Bc5 Rbb8 18. f3 e5 19. e4 exd4 20. Bxd4 Qg5 21. Rad1
h5 22. Bxa7 Ra8 23. Be3 Qg6 24. Rf2 h4 25. Rg2 h3 26. Rgd2 Qh5 27. Kf2 Kh7 28.
Rd4 Re6 29. Bf4 Re7 30. g4 Qh4+ 31. Kg1 Qf6 32. e5 Qg6 33. Kf2 c5 34. R4d2 Bb7
35. a5 Qc6 36. Rb1 Ree8 37. Kg3 Red8 38. Rbd1 Rxd2 39. Rxd2 Rxa5 40. e6 Ra8 41.
exf7 Rf8 42. Re2 Rxf7 43. Re5 Qa4 44. Qe3 c3 45. Rxc5 Qxa2 46. Kxh3 c2 47. Kg3
Qa4 48. h4 Qb4 49. Rxc2 Bxf3 50. Rd2 Bc6 51. h5 Re7 52. Qd4 Qxd4 53. Rxd4 Rd7
54. Rb4 Bd5 55. g5 Bf7 56. g6+ Bxg6 57. hxg6+ Kxg6 58. Rc4 Rd1 59. Kg4 Rg1+ 60.
Bg3 Rg2 61. Kf3 Rg1 62. Bh2 Rf1+ 63. Kg4 Rh1 64. Rc6+ Kh7 65. Bxc7 Rh6 66. Rc1
Rg6+ 67. Kf5 Rf6+ 68. Ke4 Rf2 69. Bf4 Kg6 70. Rc6+ Kh7 71. Kf5 Rf1 72. Rc2 Kg8
73. Rc4 Kh7 74. Ke6 Kg6 75. Be5 Rg1 76. Rh4 Rg2 77. Rh1 Rg4 78. Rf1 Rg2 79. Rh1
Rg4 80. Re1 Rg5 81. Ke7 Rf5 82. Re2 Kh7 83. Ke6 Rg5 84. Bf4 Rg6+ 85. Kf5 Rf6+
86. Kg4 Rg6+ 87. Kf3 Rf6 88. Rh2+ Kg6 89. Ke4 Kf7 90. Be5 Rg6 91. Rh8 Rg1 92.
Kf5 Rf1+ 93. Bf4 Rf2 94. Ra8 Rf1 95. Rb8 Ke7 96. Kg5 Rg1+ 97. Kh5 Kf7 98. Be3
Rg2 99. Bc5 Rg3 100. Rf8+ Ke6 101. Bf2 Ke7 102. Rf4 Rg2 103. Bh4+ Ke6 104. Bg5
Rb2 105. Kg6 Rb7 106. Rf2 Rc7 107. Re2+ Kd5 108. Be7 Rc4 109. Kxg7 Re4 110. Rd2+
Rd4 111. Ra2 Re4 112. Ra5+ Ke6 113. Bf6 Rg4+ 114. Bg5 Rg1 115. Kg6 Rg2 116. Ra8
Rf2 117. Re8+ Kd5 118. Bf6 Rg2+ 119. Kf7 Rf2 120. Rd8+ Ke4 121. Ke6 Ra2 122.
Rd4+ Ke3 123. Rb4 Ra5 124. Be5 Ra8 125. Kf5 Rf8+ 126. Bf6 Kd3 127. Rd4+ Ke3 128.
Rd6 Kf3 129. Rd3+ Ke2 130. Ra3 Rf7 131. Ke5 Rf8 132. Bg5 Rf3 133. Ra2+ Kd3 134.
Bf4 Kc4 135. Ke4 Rb3 136. Be5 Rb4 137. Rc2+ Kb5+ 138. Kd5 Rb3 139. Rc8 Rd3+ 140.
Bd4 Rb3 141. Bc3 Ka4 142. Kd4 Kb5 143. Rc5+ Ka6 144. Kc4 Rb7 145. Bd4 Rd7 146.
Rc6+ Kb7 147. Rh6 Kc8 148. Bb6 Rf7 149. Rd6 Rd7 150. Rc6+ Kb7 151. Kb5 Rd5+ 152.
Bc5 Rd7 153. Bd6 Rf7 154. Rb6+ Kc8 155. Kc6 Rc7+ 156. Kd5 Rb7 157. Ra6 Kd7 158.
Ra5 Ke8 159. Ke4 1/2-1/2